00250nam a22001097a 4500008004100000020001700041041000800058080000800066100000700074101000800081245005100089181022b xxu||||| |||| 00| 0 eng d a027778006959 aeng a371 a46 aEDU aThirty Days to More Powerful WritingcPrice, J